Piłka nożna - Real Madryt - sprzedaże - Statystyki

Ogólne statystyki
  • Ten quiz został rozwiązany 275 razy
  • Średni wynik to 10 z 15
Statystyki odpowiedzi
miejsce kwota sezon klub kupujący pozycja i narodowość
zawodnika
zawodnik % Poprawnych
1. 117 mln € 18/19 Juventus napastnik/skrzydłowy, Portugalia Cristiano Ronaldo
100%
3. 70,65 mln € 22/23 Manchester United defensywny pomocnik,Brazylia Casemiro
90%
2. 75,00 mln € 14/15 Manchester United skrzydłowy/pomocnik,Argentyna Angel Di Maria
86%
7. 43 mln € 20/21 Inter Mediolan prawy obrońca, Maroko Achraf Hakimi
81%
4. 66,00 mln € 17/18 Chelsea FC napastnik, Hiszpania Alvaro Morata
76%
11. 35,00 mln € 21/22 Arsenal FC środkowy pomocnik, Norwegia Martin Odegaard
76%
9. 40,00 mln € 21/22 Manchester United środkowy obrońca, Francja Raphael Varane
76%
5. 47,00 mln € 13/14 Arsenal FC ofensywny pomocnik, Niemcy Mesut Ozil
75%
6. 45,00 mln € 19/20 Chelsea FC środkowy pomocnik,Chorwacja Mateo Kovacić
74%
10. 39,00 mln € 13/14 Napoli FC napastnik, Argentyna Gonzalo Higuain
68%
14. 30,00 mln € 19/20 Atletico Madryt boczny pomocnik, prawyobrońca, Hiszpania Marcos LLorente
47%
8. 43,00 mln € 08/09 Manchester City skrzydłowy/napastnik,Brazylia Robinho
41%
15. 30,00 mln € 17/18 Manchester City środkowy obrońca,Brazylia Danilo
33%
13. 30,00 mln € 20/21 Tottenham lewy obrońca, Hiszpania Sergio Reguilon
32%
12. 34,50 mln € 00/01 PSG napastnik, Francja Nicolas Anelka
23%
Nie znaleziono quizów pasujących do podanych kryteriów
Rozkład punktacji
Procent ludzi z każdym wynikiem
Percentyl według liczby udzielonych odpowiedzi
Twoja historia wyników
Nie rozwiązałeś tego quizu